[Event "AUTO-OPEN-3911"]
[Site "http://www.queenalice.com/game.php?id=1519278"]
[Date "2018.3.11"]
[Round "1"]
[White "Sixpack_is_impossible"]
[Black "LeandroReis"]
[Result "0-1"]
[WhiteElo "1859"]
[BlackElo "2256"]

1. c3 Nf6 2. f3 e5 3. e4 d5 4. Qc2 Bc5 5. Ne2 dxe4 6. fxe4 O-O 7. b4 Bb6 8. Bb2
Nc6 9. Na3 Ng4 10. h3 Bf2+ 11. Kd1 Ne3+ 12. Kc1 Nxc2 13. Kxc2 a6 14. Rd1 Be6 15.
Kb1 b5 16. Nc1 f5 17. exf5 Bxf5+ 18. Ka1 Ne7 19. Nb3 Nd5 20. Rc1 Nb6 21. d3 Na4
22. Nc2 c5 23. bxc5 a5 24. g4 Bxd3 25. Rd1 e4 26. Nc1 Nxc5 27. Nxd3 exd3 28. h4
a4 29. Ba3 Qf6 30. Bxd3 Nxd3 31. Rxd3 Rfd8 32. Rdh3 Rac8 33. Bb4 Rd2 34. Rc1 Bc5
35. Bxc5 Rxc5 36. Na3 b4 37. Nb1 bxc3 38. Nxc3 a3 39. Re3 Rxc3 40. Rexc3 Qxc3+
41. Rxc3 Rd1+ 42. Rc1 Rxc1# 0-1

[Event "AUTO-OPEN-3911"]
[Site "http://www.queenalice.com/game.php?id=1519279"]
[Date "2018.3.11"]
[Round "1"]
[White "LeandroReis"]
[Black "AyltonChessGM"]
[Result "0-1"]
[WhiteElo "2200"]
[BlackElo "2122"]

1. d4 Nf6 2. c4 e6 3. Nc3 d5 4. cxd5 exd5 5. Bg5 Nbd7 6. e3 c6 7. Qc2 h6 8. Bh4
Be7 9. Bd3 O-O 10. Nf3 b6 11. O-O Bb7 12. Rfd1 Rc8 13. Rac1 a5 14. Bf5 g5 15.
Bg3 Kg7 16. Ne5 Nxe5 17. Bxc8 Qxc8 18. Bxe5 Qe6 19. e4 Rc8 20. exd5 cxd5 21. Re1
Qd7 22. Qb3 Bd8 0-1

[Event "AUTO-OPEN-3911"]
[Site "http://www.queenalice.com/game.php?id=1519280"]
[Date "2018.3.11"]
[Round "1"]
[White "AyltonChessGM"]
[Black "LeandroReis"]
[Result "1-0"]
[WhiteElo "2136"]
[BlackElo "2167"]

1. d4 Nf6 2. c4 g6 3. Nf3 Bg7 4. Nc3 O-O 5. e3 d6 6. Be2 Nbd7 7. O-O e5 8. h3 c6
9. Qc2 Re8 10. Rd1 e4 11. Nd2 Qe7 12. a3 a5 13. Rb1 Nf8 14. b4 axb4 15. axb4 d5
16. c5 g5 17. b5 Ng6 18. bxc6 bxc6 19. Rb6 Bd7 20. Bb2 h5 21. Ra1 g4 22. hxg4
Nxg4 23. Rba6 Rxa6 24. Rxa6 1-0

[Event "AUTO-MASTER-2703"]
[Site "http://www.queenalice.com/game.php?id=1519490"]
[Date "2018.3.13"]
[Round "1"]
[White "Meckerkopp"]
[Black "LeandroReis"]
[Result "1-0"]
[WhiteElo "2080"]
[BlackElo "2225"]

1. e4 c5 2. Nf3 Nc6 3. a3 Nf6 4. Nc3 g6 5. Bc4 Bg7 6. Ng5 O-O 7. O-O e6 8. d3 d5
9. Bb5 a6 10. Bxc6 bxc6 11. e5 Nd7 12. f4 h6 13. Nf3 Rb8 14. Rb1 Nb6 15. b3 a5
16. a4 Ba6 17. Ba3 Nd7 18. Re1 Qc7 19. Ne2 Rfe8 20. d4 cxd4 21. Bd6 Qb6 22. Bxb8
1-0

[Event "AUTO-MASTER-2703"]
[Site "http://www.queenalice.com/game.php?id=1519491"]
[Date "2018.3.13"]
[Round "1"]
[White "LeandroReis"]
[Black "Meckerkopp"]
[Result "1-0"]
[WhiteElo "2217"]
[BlackElo "2088"]

1. d4 d5 2. c4 dxc4 3. e4 b5 4. a4 c6 5. axb5 cxb5 6. b3 e6 7. Nf3 Bb4+ 8. Bd2
Bxd2+ 9. Nbxd2 c3 10. Bxb5+ Bd7 11. Bxd7+ Nxd7 12. Nc4 Ngf6 13. Nd6+ Ke7 14. e5
Nd5 15. Qc1 Qb6 16. O-O Qxb3 17. Rb1 Qa4 18. Qg5+ Kf8 19. Ra1 Qc6 20. Rxa7 h6
21. Qh4 f6 22. Qh5 1-0

[Event "AUTO-MASTER-2703"]
[Site "http://www.queenalice.com/game.php?id=1519504"]
[Date "2018.3.13"]
[Round "1"]
[White "punk"]
[Black "LeandroReis"]
[Result "1-0"]
[WhiteElo "2207"]
[BlackElo "2274"]

1. c4 b6 2. Nc3 Bb7 3. d4 e6 4. e4 Bb4 5. Bd3 f5 6. d5 fxe4 7. Bxe4 Nf6 8. Bg5
exd5 9. Bxd5 c6 10. Qe2+ Qe7 11. Qxe7+ Kxe7 12. Bf3 d5 13. cxd5 cxd5 14. Ne2 Nd7
15. O-O h6 16. Bxd5 hxg5 17. Bxb7 Rab8 18. Nd5+ Nxd5 19. Bxd5 Nf6 20. Rad1 1-0

[Event "AUTO-MASTER-2703"]
[Site "http://www.queenalice.com/game.php?id=1519505"]
[Date "2018.3.13"]
[Round "1"]
[White "LeandroReis"]
[Black "punk"]
[Result "1-0"]
[WhiteElo "2263"]
[BlackElo "2231"]

1. d4 d5 2. c4 c6 3. Nc3 Nf6 4. Nf3 e6 5. Bg5 Nbd7 6. e3 Be7 7. Qc2 O-O 8. Rd1
Re8 9. Bd3 h6 10. Bf4 Nf8 11. O-O Bd6 12. Ne5 Bd7 13. Nxf7 Kxf7 14. Bxd6 Bc8 15.
Bg3 Kg8 16. e4 dxe4 17. Nxe4 Nxe4 18. Bxe4 Qf6 19. Rfe1 Bd7 20. Be5 Qg5 21. Re3
Re7 22. Qe2 Rae8 23. Rg3 1-0

[Event "AUTO-MASTER-2703"]
[Site "http://www.queenalice.com/game.php?id=1519514"]
[Date "2018.3.13"]
[Round "1"]
[White "LeandroReis"]
[Black "carver"]
[Result "1-0"]
[WhiteElo "2249"]
[BlackElo "2043"]

1. d4 d5 2. c4 c6 3. Nc3 dxc4 4. e4 b5 5. a4 a6 6. axb5 cxb5 7. Nxb5 Bb7 8. Nc3
e6 9. Bxc4 Bb4 10. Qa4+ Nc6 11. d5 Bxc3+ 12. bxc3 exd5 13. exd5 Qe7+ 14. Ne2 Qc5
15. dxc6 Bxc6 16. Qb3 Qf5 17. O-O Ne7 18. Nd4 Qg6 19. Nxc6 Nxc6 20. Ba3 Ra7 21.
Rfe1+ 1-0

[Event "AUTO-MASTER-2703"]
[Site "http://www.queenalice.com/game.php?id=1519515"]
[Date "2018.3.13"]
[Round "1"]
[White "carver"]
[Black "LeandroReis"]
[Result "1-0"]
[WhiteElo "2121"]
[BlackElo "2265"]

1. d4 Nf6 2. c4 g6 3. Nc3 Bg7 4. Bf4 O-O 5. Nf3 d6 6. Rc1 Nbd7 7. e3 c6 8. Bg3
Qb6 9. b3 Re8 10. Be2 Nh5 11. Ne4 e5 12. Nfd2 Nxg3 13. hxg3 Qc7 14. d5 c5 15.
Nf3 h6 16. Qc2 a6 17. a4 f5 18. Nc3 e4 19. Nh4 Ne5 20. f4 exf3 21. gxf3 1-0

[Event "AUTO-MASTER-2705"]
[Site "http://www.queenalice.com/game.php?id=1519940"]
[Date "2018.3.17"]
[Round "1"]
[White "yeye2"]
[Black "LeandroReis"]
[Result "0-1"]
[WhiteElo "2009"]
[BlackElo "2261"]

1. e4 c5 2. Bc4 Nc6 3. c3 Nf6 4. Bd5 e6 5. Bxc6 bxc6 6. d3 d5 7. Bg5 h6 8. Bxf6
Qxf6 9. Qf3 Qg5 10. Nh3 Qc1+ 11. Qd1 Qxb2 12. Nd2 Qxc3 13. exd5 cxd5 14. Rc1
Qxd3 15. Nf4 Qf5 16. g3 Bd6 17. Qc2 Qxc2 18. Rxc2 Ba6 19. f3 Rb8 20. Kf2 O-O 21.
h4 Rb4 22. Ne2 Rfb8 23. a3 Rb2 24. Rhc1 Bxe2 25. Kxe2 c4 26. f4 Bxa3 27. Rxb2
Rxb2 28. Ke3 Rxd2 29. Kxd2 Bxc1+ 30. Kxc1 Kh7 31. g4 h5 32. g5 Kg6 33. Kc2 Kf5
0-1

[Event "AUTO-MASTER-2705"]
[Site "http://www.queenalice.com/game.php?id=1519941"]
[Date "2018.3.17"]
[Round "1"]
[White "LeandroReis"]
[Black "yeye2"]
[Result "1-0"]
[WhiteElo "2257"]
[BlackElo "2056"]

1. d4 d5 2. c4 Bf5 3. Nc3 dxc4 4. e4 Bg6 5. Bxc4 e6 6. Nf3 Bb4 7. Qa4+ Nc6 8. d5
Bxc3+ 9. bxc3 Bxe4 10. dxc6 Bxc6 11. Bb5 Bxb5 12. Qxb5+ c6 13. Qxb7 Ne7 14. Ba3
f6 15. Bxe7 Qb8 16. Qxb8+ Rxb8 17. Bc5 a6 18. O-O Kf7 19. Rfd1 Rb7 20. Rd2 h6
21. Rad1 g5 22. Rd7+ Rxd7 23. Rxd7+ Kg6 24. Nd4 Rb8 25. g4 h5 26. h3 f5 27.
gxf5+ exf5 28. Rd6+ Kf7 29. Nxf5 Rb2 30. Bd4 Rxa2 31. Rf6+ Ke8 32. Rxc6 a5 33.
Rc7 a4 34. Nd6+ Kd8 35. Rf7 Rd2 36. Bf6# 1-0

[Event "AUTO-MASTER-2705"]
[Site "http://www.queenalice.com/game.php?id=1519953"]
[Date "2018.3.17"]
[Round "1"]
[White "LeandroReis"]
[Black "petrosian369"]
[Result "1-0"]
[WhiteElo "2232"]
[BlackElo "2084"]

1. d4 d5 2. c4 e6 3. Nc3 c5 4. cxd5 exd5 5. Nf3 Nc6 6. g3 Nf6 7. Bg2 Be7 8. O-O
O-O 9. Bg5 cxd4 10. Nxd4 h6 11. Bf4 Bg4 12. h3 1-0

[Event "AUTO-MASTER-2705"]
[Site "http://www.queenalice.com/game.php?id=1519958"]
[Date "2018.3.17"]
[Round "1"]
[White "Juuca"]
[Black "LeandroReis"]
[Result "1-0"]
[WhiteElo "2332"]
[BlackElo "2226"]

1. e4 c5 2. Nf3 Nc6 3. d4 cxd4 4. Nxd4 g6 5. c4 Bg7 6. Be3 Nf6 7. Nc3 O-O 8. Be2
b6 9. O-O Bb7 10. f3 e6 11. Ndb5 Ne8 12. Rc1 a6 13. Nd6 Nxd6 14. Qxd6 Be5 15.
Qd2 Qb8 16. f4 Bc7 17. h4 Rd8 18. h5 Ne7 19. f5 exf5 20. hxg6 hxg6 21. Bg5 Re8
22. Bd3 Be5 23. Bxe7 Rxe7 24. Bc2 Kg7 25. Rf3 Qc7 26. Rh3 f4 27. Nd5 1-0

[Event "AUTO-MASTER-2705"]
[Site "http://www.queenalice.com/game.php?id=1519959"]
[Date "2018.3.17"]
[Round "1"]
[White "LeandroReis"]
[Black "Juuca"]
[Result "0-1"]
[WhiteElo "2235"]
[BlackElo "2323"]

1. d4 Nf6 2. c4 g6 3. g3 Bg7 4. Bg2 O-O 5. Nc3 d6 6. e4 e5 7. Nge2 Nc6 8. O-O
Bg4 9. d5 Nd4 10. f3 Nxe2+ 11. Qxe2 Bd7 12. b4 a5 13. Ba3 axb4 14. Bxb4 Qc8 15.
c5 dxc5 16. Bxc5 Re8 17. Rfc1 Bh3 18. Bxh3 Qxh3 19. Nb5 Rac8 20. Rc2 Nd7 21. Be3
f5 22. Nxc7 Rf8 23. Rac1 f4 24. Bf2 fxg3 25. Bxg3 Bh6 26. Rb1 Bf4 27. Bxf4 Rxf4
28. Rb3 Nf8 29. Qg2 Qd7 30. Rbc3 Rf7 31. Nb5 Rxc3 32. Nxc3 Qd6 33. Qf2 Qf6 34.
Kg2 g5 0-1

[Event "AUTO-MASTER-2600"]
[Site "http://www.queenalice.com/game.php?id=1533716"]
[Date "2018.7.5"]
[Round "3"]
[White "CCapivara"]
[Black "LeandroReis"]
[Result "1-0"]
[WhiteElo "2232"]
[BlackElo "2186"]

1. e4 c5 2. Nf3 d6 3. d4 cxd4 4. Nxd4 Nf6 5. Nc3 a6 6. Bg5 Nbd7 7. f4 Qb6 8. Nb3
h6 9. Bh4 Qe3+ 10. Be2 Qxf4 11. Bg3 1-0

[Event "AUTO-MASTER-2600"]
[Site "http://www.queenalice.com/game.php?id=1533717"]
[Date "2018.7.5"]
[Round "3"]
[White "LeandroReis"]
[Black "CCapivara"]
[Result "0-1"]
[WhiteElo "2154"]
[BlackElo "2220"]

1. d4 d6 2. c4 Nf6 3. Nf3 c6 4. g3 Bg4 5. Bg2 Nbd7 6. O-O e5 7. Nc3 Be7 8. b3
O-O 9. h3 Bh5 10. dxe5 dxe5 0-1